000 00499ntaaa2200193 4500
003 01
005 20251027202336.0
008 0714s1973 ag 01
040 _aAR-BaBN
_bspa
_cAR-BaBN
_eaacr
_dRIC
082 _a296.0000 R35
245 _aMid-century
250 _a1 ed.
260 _aNew York :
_bBeechhurst Press,
_cc1955
300 _a598 p
500 _aUna antología de la vida judía y su cultura actual
650 _aJudíos
_910184
700 _aRibalow, Harold U.
_922022
942 _cBK
999 _c18245
_d18245